Hodnotenie účinnosti nástrojov marketingovej komunikácie Slovenskej agentúry pre cestovný ruch
Skúmanie účinnosti nástrojov marketingovej komunikácie Slovenskej agentúry pre cestovný ruch. Nástroje marketingovej komunikácie štátu ako cestovného cieľa. Metódy merania účinnosti nástrojov marketingovej komunikácie. Skúmanie výskumnej otázky, či existuje priama závislosť medzi objemom finančných...
Enregistré dans:
| Auteur principal: | |
|---|---|
| Autres auteurs: | |
| Format: | Chapitre de livre |
| Langue: | slovaque |
| Sujets: | |
| Tags: |
Pas de tags, Soyez le premier à ajouter un tag!
|
MARC
| LEADER | 00000nla a2200000 4500 | ||
|---|---|---|---|
| 001 | 0247619 | ||
| 005 | 20240417075145.4 | ||
| 041 | 0 | |a slo | |
| 044 | |a CZ | ||
| 245 | 1 | 0 | |a Hodnotenie účinnosti nástrojov marketingovej komunikácie Slovenskej agentúry pre cestovný ruch |c Jana Kučerová, Ivana Vala Magátová |
| 520 | |a Skúmanie účinnosti nástrojov marketingovej komunikácie Slovenskej agentúry pre cestovný ruch. Nástroje marketingovej komunikácie štátu ako cestovného cieľa. Metódy merania účinnosti nástrojov marketingovej komunikácie. Skúmanie výskumnej otázky, či existuje priama závislosť medzi objemom finančných prostriedkov SACR vynaložených na nástroje marketingovej komunikácie a počtom návštevníkov a priemernou dĺžkou ich pobytu na Slovensku. | ||
| 610 | 2 | 0 | |a ruch cestovný |
| 610 | 2 | 0 | |a agentúry |
| 610 | 2 | 0 | |a marketing |
| 610 | 2 | 0 | |a komunikácia marketingová |
| 610 | 2 | 0 | |a rozpočty |
| 610 | 2 | 0 | |a financie |
| 610 | 2 | 0 | |a analýza korelačná |
| 610 | 2 | 0 | |a Slovensko |
| 100 | 1 | |a Kučerová, Jana | |
| 700 | 1 | |a Vala Magátová, Ivana | |